1132 1653 1542 1320 1284 1530 1356 1049 1971 1286 1736 1371 1698 1254 1310 1087 1608 1632 1702 1820 1788 1764 1816 1746 1900 1733 1055 1176 1300 1494 1412 1052 1321 1169 1637 1009 1338 1569 1587 1941 1346 1121 1779 1155 1729 1688 1230 1160 1424 1575 1319 1485 1358 1812 1368 1431 1426 1116 1851 1282 1922 1721 1711 1704 1210 1196 1864 1186 1736 1167 1750 1819 1151 1380 1207 1582 1634 1281 1183 1480 1264 1924 1358 1350 1107 1197 1115 1033 1952 1269 1076 1288 1153 1054 1554 1731 1210 1947 1763 BCNSPRNW ULIB Ver.6.0+V

เปลี่ยนเป็นภาษาไทย

Change to English
 แสดงรายละเอียดบรรณานุกรม
  กลับหน้าหลัก

Brief Record : Get Marc (ISO 2709) : E-mail record : QR code < ปิดหน้าต่าง
LEADER : 00000nas 2200000uu 4500
001    13399126011
003     ULIB
008    180426s2559||||th 000 0 tha d
022 0  ^a19061137
245 00 ^aวารสารวิจัยสาธารณสุขศาสตร์ มหาวิทยาลัยขอนแก่น^bมหาวิทยาลัยขอนแก่น
310    ^aราย 6 เดือน
850 ^a ULIB^bปีที่ 9 ฉบับที่ 2 ฉ.1 ;ปีที่ 10 ฉบับที่ 4 ฉ.1 ;ปีที่ 9 ฉบับที่ 2 ฉ.1 ;ปีที่ 9 ฉบับที่ 3 ฉ.1 ;ปีที่ 10 ฉบับที่ 1 ฉ.1 ;ปีที่ 10 ฉบับที่ 2 ฉ.1 ;ปีที่ 10 ฉบับที่ 3 ฉ.1
856    ^aปีที่ 9 ฉบับที่ 2 ^bเมษายน-มิถุนายน^c2559
945    ^p0^l0^i904929
945    ^p0^l0^i904925
945    ^p0^l0^i904861
945    ^p0^l0^i904862
945    ^p0^l0^i904863
945    ^p0^l0^i904864
945    ^p0^l0^i904874
999    ^aประนอม เกษจรัล
รายการนี้ยังไม่มีแท็ก
คุณยังไม่ได้ล็อกอิน คุณสามารถมีกิจกรรมร่วมกับเว็บไซต์ได้ แต่ต้องล็อกอินก่อน ::
  ล็อกอิน

รายการสื่อสารสนเทศ (วารสาร)

ดูแบบ: กล่อง รายการ
ARRIVED
ปีที่ 9 ฉบับที่ 2 ฉ.1
สถานที่: ห้องสมุดวิทยาเขตสวรรค์ประชารักษ์ >วารสาร
ARRIVED
ปีที่ 9 ฉบับที่ 3 ฉ.1
สถานที่: ห้องสมุดวิทยาเขตสวรรค์ประชารักษ์ >วารสาร
ARRIVED
ปีที่ 10 ฉบับที่ 1 ฉ.1
สถานที่: ห้องสมุดวิทยาเขตสวรรค์ประชารักษ์ >วารสาร
ARRIVED
ปีที่ 10 ฉบับที่ 2 ฉ.1
สถานที่: ห้องสมุดวิทยาเขตสวรรค์ประชารักษ์ >วารสาร
ARRIVED
ปีที่ 10 ฉบับที่ 3 ฉ.1
สถานที่: ห้องสมุดวิทยาเขตสวรรค์ประชารักษ์ >หนังสือพิมพ์
ARRIVED
ปีที่ 10 ฉบับที่ 4 ฉ.1
สถานที่: ห้องสมุดวิทยาเขตสวรรค์ประชารักษ์ >วารสาร

BibComment


ยังไม่เคยถูกคอมเมนท์

คอมเมนท์ทรัพยากรรายการนี้
  คอมเมนท์: วารสารวิจัยสาธาร..


 Copyright 2026. Bcnsprnw @Library